Elementos metodológicos y ortográficos básicos para el proceso de investigación

Gespeichert in:
Bibliographische Detailangaben
1. Verfasser: López Ruiz, Miguel (autor)
Format: Buch
Sprache:Spanisch
Veröffentlicht: Ciudad de México UNAM 1987
Schriftenreihe:Serie J: Enseñanza del derecho y material didáctico, 8
Schlagworte:
Tags: Tag hinzufügen
Keine Tags, Fügen Sie den ersten Tag hinzu!

MARC

LEADER 00000nam a2200000 a 4500
001 UCX1153
003 CL-VaPUC
008 900611e19870000MX |||||||||||||||||spa|d
082 0 4 |a 001.4  |b LOP  |2 21 
100 |a López Ruiz, Miguel  |e autor  |9 316569 
245 1 0 |a Elementos metodológicos y ortográficos básicos para el proceso de investigación 
300 |a 134 p 
942 |c BK 
945 |d 19900611 00:00:00 
260 |a Ciudad de México  |b UNAM  |c 1987 
650 0 |x Redacción  |9 255241 
650 0 |a Español  |9 255372 
650 0 |a Ortografía  |9 309144 
583 |a last modification  |c 19900611 00:00:00  |k Rodrigo Vera 
490 0 |a Serie J: Enseñanza del derecho y material didáctico, 8 
999 |c 222462  |d 222460 
952 |0 0  |1 0  |4 0  |6 001_400000000000000_LOP_1987  |7 0  |8 A  |9 217216  |a BIBHIS  |b BIBHIS  |d 2019-11-15  |i 2861720  |o 001.4 LOP 1987  |p 2861720  |r 2025-01-20  |w 2019-11-15  |y BK  |k HIS